000 00614nam a2200241Ia 4500
003 OSt
005 20221007110433.0
006 a|||||r|||| 00| 0
007 ta
008 221006b |||||||| |||| 00| 0 eng d
024 _a21,129
037 _cTextual
040 _aLCO
_cLCO
_beng
041 _2eng
_aeng
082 _aY7:13:7, K6
100 _aSrinivas M.N.
245 0 _aSocial Change in Modern India
260 _aNew
_bDelhi Orient Longman India
_c1966
300 _a194
650 _aSOCIAL CHANGE
942 _hY7:13:7, K6
_cTEXL
999 _c1190692
_d1190692